000 00500nam a2200193 a 4500
001 1769935627476
003 YourLibrary
005 20260201143128.0
008 260201s1992##################000#0#eng##
020 _a9780333445112
082 0 4 _a332.15
_bROB
100 1 _aRoberts, Richard,
_eauthor.
245 1 0 _aSchroders :
260 _bPalgrave Macmillan,
_c1992.
300 _a708 pages
650 0 _aBiography & Autobiography.
942 _cENGLISH
040 _aYourLibrary
_beng
_cYourLibrary
999 _c609677
_d609677